| 000 | 00442nam a22001817a 4500 | ||
|---|---|---|---|
| 003 | OSt | ||
| 005 | 20260330120611.0 | ||
| 008 | 260330b |||||||| |||| 00| 0 Pun d | ||
| 020 | _a9788119838585 | ||
| 040 | _cBGL | ||
| 100 | _aਸੱਗੂ ਗੁਰਚਰਨ | ||
| 245 | _aਕਰਮਾਂ ਵਾਲੀ ਧੀ | ||
| 260 |
_aDelhi _bnavyug Publishers _c2024 |
||
| 300 | _a248p | ||
| 600 | _2248p | ||
| 650 | _aPunjabi | ||
| 942 |
_2ddc _cGB |
||
| 999 |
_c44345 _d44345 |
||